00573nam a2200181Ia 4500003000900000008004100009020001800050040001600068080001500084100001700099245011100116250001200227260004300239300001600282490004400298650001800342650003100360IN-BaIIA211028s9999 xx 000 0 eng d a81-85931-30-5 cIIA Library a519.6bANT aAntia, H. M. 0aNumerical methods for scientists and engineerscH. M. Antia  a2nd ed. aNew DelhibHindustan Book Agencyc2002 axxii, 842p. aTexts and readings in physical sciences aInterpolation aLinear algebraic equations